000 00526nam a22001937a 4500
005 20240123150337.0
008 240108b |||||||| |||| 00| 0 eng d
020 _a9781455770052(pbk.):
082 _a612
_bHAL-G
100 _aHall, John. E.
245 _aGuyton and Hall textbook of medical physiology /
_cJohn E.Hall
250 _a13th ed.
260 _aUSA:
_bElsevier,
_c2016.
300 _axix, 570 p. :
_bill;
_c27.5cm.
490 _vvol-1
500 _aInclude index.
650 _aMedical/physiology
999 _c34967
_d34967